[Event "vl_2526"]
[Site "?"]
[Date "2026.01.18"]
[Round "4.3"]
[White "Priladyshev,Alexander"]
[Black "Kist,Eike Andreas"]
[Result "1/2-1/2"]
[Board "1"]
[WhiteTeam "SG Eintracht Neubrandenburg"]
[BlackTeam "Think Rochade ? SC HRO"]
[WhiteElo "2068"]
[BlackElo "2048"]
[WhiteDWZ "2091"]
[BlackDWZ "2064"]
[PlyCount "0"]
[EventDate "2026.01.18"]
[SourceDate "2026.01.18"]

1. Nf3 c5 2. b3 Nc6 3. Bb2 d5 4. e3 Bg4 5. Bb5 Rc8 6. h3 Bxf3 7. Qxf3 e6 8. O-O Nf6 9. c4 a6 10. Bxc6+ Rxc6 11. Bxf6 Qxf6 12. Qxf6 gxf6 13. cxd5 exd5 14. Nc3 Rd6 15. d3 Kd7 16. Rac1 Bh6 17. Rc2 Rc8 18. Ne2 Rdc6 19. Ng3 Bf8 20. e4 dxe4 21. dxe4 b5 22. Nf5 c4 23. Rd1+ Ke8 24. Ne3 cxb3 25. Rxc6 Rxc6 26. axb3 Be7 27. Nd5 Bd8 28. Rd3 a5 29. Rc3 Kd7 30. Rf3 a4 31. bxa4 bxa4 32. Ra3 Rc4 33. f3 Ke6 34. Kf2 Be7 35. Rc3 Rxc3 36. Nxc3 a3 37. Ke3 Kd7 38. Kd4 Ke6 39. g4 Bd6 40. Na2 Bb8 41. Ke3 Ba7+ 42. Kf4 Bb8+ 43. Ke3 Ba7+ 44. Kf4 Bb8+ 45. Ke3 1/2-1/2

[Event "vl_2526"]
[Site "?"]
[Date "2026.01.18"]
[Round "4.3"]
[White "Busch,Martin"]
[Black "Stoevesand,Eric"]
[Result "0-1"]
[Board "2"]
[WhiteTeam "Think Rochade ? SC HRO"]
[BlackTeam "SG Eintracht Neubrandenburg"]
[WhiteElo "2117"]
[BlackElo "1946"]
[WhiteDWZ "2048"]
[BlackDWZ "2066"]
[PlyCount "0"]
[EventDate "2026.01.18"]
[SourceDate "2026.01.18"]

1. e4 e5 2. Nf3 Nc6 3. Nc3 Nf6 4. Bb5 Bb4 5. Nd5 Nxd5 6. exd5 Nd4 7. Ba4 Nxf3+ 8. Qxf3 Qh4 9. c3 Bc5 10. Bc2 O-O 11. O-O d6 12. d3 Bg4 13. Qg3 Qh5 14. Be3 f5 15. f4 exf4 16. Qxf4 g5 17. Qf2 Bxe3 18. Qxe3 f4 19. Qd2 Rae8 20. Rae1 Re2 21. Rxe2 Bxe2 22. Rf2 Re8 23. d4 Re3 24. Bf5 Bc4 25. Be6+ Kg7 26. h3 Qh4 27. b3 Bd3 28. Bg4 Qg3 29. Bf3 Kg6 30. Kh1 h5 31. Be2 Be4 32. Kg1 Rxc3 33. h4 Rc2 34. Qd1 Qxh4 0-1

[Event "vl_2526"]
[Site "?"]
[Date "2026.01.18"]
[Round "4.3"]
[White "Stoevesand,Peter"]
[Black "Krause,Enrico"]
[Result "1-0"]
[Board "3"]
[WhiteTeam "SG Eintracht Neubrandenburg"]
[BlackTeam "Think Rochade ? SC HRO"]
[WhiteElo "1852"]
[BlackElo "1792"]
[WhiteDWZ "2044"]
[BlackDWZ "1907"]
[PlyCount "0"]
[EventDate "2026.01.18"]
[SourceDate "2026.01.18"]

1. e4 c6 2. d4 d5 3. Nc3 dxe4 4. Nxe4 Bf5 5. Ng3 Bg6 6. h4 h6 7. Nf3 e6 8. h5 Bh7 9. Bd3 Bxd3 10. Qxd3 Nf6 11. Bd2 c5 12. O-O-O Nc6 13. Bc3 Qd5 14. Kb1 c4 15. Qe2 b5 16. Bd2 b4 17. Bc1 a5 18. Ne5 c3 19. b3 Bd6 20. Nf5 O-O 21. Nxd6 Qxd6 22. Nc4 Qe7 23. g4 Rfd8 24. f4 Nh7 25. Qg2 Rac8 26. g5 Nxd4 27. gxh6 Nf5 28. hxg7 a4 29. Rxd8+ Qxd8 30. Qb7 axb3 31. axb3 Rb8 32. Qa7 Ra8 33. Qc5 Qb8 34. Rd1 Qb7 35. Nb6 Ra6 36. h6 Nxh6 37. Rd8+ Kxg7 38. Na4 Qe4 39. Rd4 Qf5 40. Qxb4 Nf6 41. Qxc3 Nhg4 42. Bb2 Qb5 43. Rd1 Kg6 44. Rg1 Kh6 45. Qh3+ Qh5 46. Qg2 1-0

[Event "vl_2526"]
[Site "?"]
[Date "2026.01.18"]
[Round "4.3"]
[White "Satuev,Emin"]
[Black "Schulz,Daniel"]
[Result "1-0"]
[Board "4"]
[WhiteTeam "Think Rochade ? SC HRO"]
[BlackTeam "SG Eintracht Neubrandenburg"]
[WhiteElo "1968"]
[BlackElo "1922"]
[WhiteDWZ "1933"]
[BlackDWZ "1979"]
[PlyCount "0"]
[EventDate "2026.01.18"]
[SourceDate "2026.01.18"]

1. d4 Nf6 2. c3 d5 3. Bf4 Bf5 4. Qb3 Qc8 5. Nf3 e6 6. e3 Be7 7. Nbd2 O-O 8. Rc1 Nh5 9. Bg3 Nxg3 10. hxg3 Nd7 11. Nh4 Bxh4 12. Rxh4 c6 13. c4 Nf6 14. Bd3 Qd7 15. Nf3 Rac8 16. Ne5 Qe7 17. Ke2 Ne4 18. Rch1 f6 19. g4 Bg6 20. Nxg6 hxg6 21. Bxe4 dxe4 22. c5 Kf7 23. Qc2 f5 24. gxf5 gxf5 25. g4 Rcd8 26. gxf5 exf5 27. Qb3+ Rd5 28. Rh5 Kf6 29. Rg1 Qc7 30. Rhg5 Rg8 31. Rg6+ Kf7 32. R1g5 Kf8 33. f4 Qf7 34. Qa4 a6 35. Qa5 Rd7 36. b3 Qd5 37. Qb6 Rh8 38. Qa7 Rh2+ 39. Rg2 Rxg2+ 40. Rxg2 Kf7 41. Qb8 Re7 42. Qh8 g6 43. Qh7+ Kf8 44. Qxg6 a5 45. Qg5 Rc7 46. Qg8+ Ke7 47. Qb8 Kf6 48. Qh8+ Ke7 49. Rg8 Ke6 50. Rc8 Re7 51. Rd8 1-0

[Event "vl_2526"]
[Site "?"]
[Date "2026.01.18"]
[Round "4.3"]
[White "Schroeder,Hannes Artur"]
[Black "Peilert,Maximilian"]
[Result "1/2-1/2"]
[Board "5"]
[WhiteTeam "SG Eintracht Neubrandenburg"]
[BlackTeam "Think Rochade ? SC HRO"]
[WhiteElo "1826"]
[BlackElo "1784"]
[WhiteDWZ "1857"]
[BlackDWZ "1868"]
[PlyCount "0"]
[EventDate "2026.01.18"]
[SourceDate "2026.01.18"]

1. c4 c6 2. Nc3 d5 3. d4 Nf6 4. cxd5 cxd5 5. g3 Nc6 6. Bg2 Bf5 7. Nf3 e6 8. Bf4 Bd6 9. Bxd6 Qxd6 10. a3 h6 11. O-O O-O 12. b4 Rfc8 13. Qb3 Ne4 14. Rfc1 Nxc3 15. Rxc3 Be4 16. Rac1 Rc7 17. e3 Rac8 18. Qb2 a6 19. Nd2 Bxg2 20. Kxg2 b6 21. R1c2 Ne7 22. Rxc7 Rxc7 23. Rxc7 Qxc7 24. b5 a5 25. Nf3 Nf5 1/2-1/2

[Event "vl_2526"]
[Site "?"]
[Date "2026.01.18"]
[Round "4.3"]
[White "Celmer,Ole"]
[Black "Rossmann,Andreas"]
[Result "1-0"]
[Board "6"]
[WhiteTeam "Think Rochade ? SC HRO"]
[BlackTeam "SG Eintracht Neubrandenburg"]
[WhiteElo "1958"]
[BlackElo "2073"]
[WhiteDWZ "1889"]
[BlackDWZ "1922"]
[PlyCount "0"]
[EventDate "2026.01.18"]
[SourceDate "2026.01.18"]

1. e4 c5 2. c3 Nf6 3. e5 Nd5 4. g3 e6 5. Bg2 d6 6. exd6 Bxd6 7. Nf3 Nc6 8. O-O O-O 9. d4 cxd4 10. Nxd4 Nxd4 11. Qxd4 Be7 12. Nd2 Qc7 13. Qc4 Qxc4 14. Nxc4 Rb8 15. Ne3 Nxe3 16. Bxe3 b6 17. Bf4 Ba6 18. Bxb8 Bxf1 19. Bxa7 Bxg2 20. Kxg2 Ra8 21. Bxb6 Rb8 22. Bd4 Rxb2 23. a4 f6 24. a5 e5 1-0

[Event "vl_2526"]
[Site "?"]
[Date "2026.01.18"]
[Round "4.3"]
[White "Kunow,Frank"]
[Black "Gazizov,Max"]
[Result "0-1"]
[Board "7"]
[WhiteTeam "SG Eintracht Neubrandenburg"]
[BlackTeam "Think Rochade ? SC HRO"]
[WhiteElo "1957"]
[BlackElo "1874"]
[WhiteDWZ "1909"]
[BlackDWZ "1869"]
[PlyCount "0"]
[EventDate "2026.01.18"]
[SourceDate "2026.01.18"]

1. c4 e5 2. g3 Nc6 3. Bg2 f5 4. e3 Bc5 5. Ne2 d6 6. a3 a5 7. b3 e4 8. Bb2 Ne5 9. O-O Nf6 10. d4 exd3 11. Nf4 O-O 12. Nc3 c6 13. Nxd3 Bb6 14. Qe2 Qe7 15. Rad1 Be6 16. Na4 Bc7 17. c5 Nxd3 18. Rxd3 d5 19. Rdd1 Ne4 20. Bd4 Qg5 21. Nc3 Rae8 22. b4 h5 23. f4 Qh6 24. Nxe4 fxe4 25. h3 axb4 26. axb4 g5 27. Qf2 h4 28. gxh4 gxf4 29. exf4 Kh7 30. Be3 Rf5 31. Ra1 Ref8 32. Ra7 Bc8 33. b5 Bxf4 34. Bxf4 Rxf4 35. Qg3 Rxf1+ 36. Bxf1 Rg8 0-1

[Event "vl_2526"]
[Site "?"]
[Date "2026.01.18"]
[Round "4.3"]
[White "Jaensch,Robert"]
[Black "Baier,Karsten"]
[Result "1/2-1/2"]
[Board "8"]
[WhiteTeam "Think Rochade ? SC HRO"]
[BlackTeam "SG Eintracht Neubrandenburg"]
[WhiteElo "1866"]
[BlackElo "1990"]
[WhiteDWZ "1786"]
[BlackDWZ "1834"]
[PlyCount "0"]
[EventDate "2026.01.18"]
[SourceDate "2026.01.18"]

1. e4 c6 2. d4 d5 3. Nc3 dxe4 4. Nxe4 Bf5 5. Ng3 Bg6 6. Nf3 h6 7. Bf4 e6 8. Bd3 Bxd3 9. Qxd3 Bd6 10. Bxd6 Qxd6 11. Ne4 Qb4+ 12. c3 Qe7 13. O-O-O Nf6 14. Rhe1 Nbd7 15. Nfd2 O-O 16. f4 b5 17. h3 b4 18. c4 Rfd8 19. g4 c5 20. Nb3 cxd4 21. Qxd4 Nxe4 22. Qxe4 Nc5 23. Nxc5 Qxc5 1/2-1/2

[Event "vl_2526"]
[Site "?"]
[Date "2026.03.01"]
[Round "6.2"]
[White "Stubbe,Wilko"]
[Black "Kist,Eike Andreas"]
[Result "0-1"]
[Board "1"]
[WhiteTeam "Greifswalder SV"]
[BlackTeam "Think Rochade ? SC HRO"]
[WhiteElo "2128"]
[BlackElo "2048"]
[WhiteDWZ "2100"]
[BlackDWZ "2064"]
[PlyCount "0"]
[EventDate "2026.03.01"]
[SourceDate "2026.03.01"]

1. Nf3 c5 2. g3 Nc6 3. Bg2 e5 4. d3 d5 5. O-O h6 6. c4 Nf6 7. cxd5 Nxd5 8. Nc3 Nc7 9. Bd2 Be7 10. Rc1 O-O 11. Na4 Ne6 12. Be3 Qa5 13. a3 Ned4 14. Bxd4 cxd4 15. Nd2 Bd7 16. Ne4 b6 17. Nd6 Bxd6 18. Bxc6 Bxc6 19. Rxc6 Rfd8 20. b4 Qd5 21. Qc1 b5 22. Nb2 a5 23. e4 dxe3 24. fxe3 axb4 25. axb4 Ra2 26. Rc8 Bxb4 27. Rxd8+ Qxd8 28. Nd1 Qxd3 29. Nf2 Qc4 30. Qb1 Bd2 31. Nd1 Qc2 32. Qxc2 Rxc2 33. Kf2 e4 0-1

[Event "vl_2526"]
[Site "?"]
[Date "2026.03.01"]
[Round "6.2"]
[White "Busch,Martin"]
[Black "Lange,Jannis"]
[Result "1/2-1/2"]
[Board "2"]
[WhiteTeam "Think Rochade ? SC HRO"]
[BlackTeam "Greifswalder SV"]
[WhiteElo "2117"]
[BlackElo "2076"]
[WhiteDWZ "2048"]
[BlackDWZ "1999"]
[PlyCount "0"]
[EventDate "2026.03.01"]
[SourceDate "2026.03.01"]

1. Nf3 Nf6 2. c4 g6 3. b4 Bg7 4. Bb2 O-O 5. g3 c6 6. Bg2 g5 7. b5 d5 8. Na3 dxc4 9. bxc6 Nxc6 10. Nxc4 Be6 11. d3 b5 12. Nfe5 Nxe5 13. Nxe5 Bd5 14. e4 Bb7 15. O-O Nd7 16. Nxd7 Qxd7 17. Bxg7 Kxg7 18. Qb3 Rfc8 19. Rac1 Ba6 20. Qb2+ Kf8 21. d4 b4 22. Rfd1 Rxc1 23. Rxc1 Rc8 24. d5 Rxc1+ 25. Qxc1 Qc8 26. Qxg5 Qc3 27. h4 f6 28. Qf4 Qe5 29. Qe3 Qc7 1/2-1/2

[Event "vl_2526"]
[Site "?"]
[Date "2026.03.01"]
[Round "6.2"]
[White "Schwahn,Christian"]
[Black "Krause,Enrico"]
[Result "1-0"]
[Board "3"]
[WhiteTeam "Greifswalder SV"]
[BlackTeam "Think Rochade ? SC HRO"]
[WhiteElo "1963"]
[BlackElo "1792"]
[WhiteDWZ "1918"]
[BlackDWZ "1907"]
[PlyCount "0"]
[EventDate "2026.03.01"]
[SourceDate "2026.03.01"]

1. d4 d5 2. c4 c6 3. g3 Nf6 4. Bg2 Bf5 5. Nf3 h6 6. O-O e6 7. Nc3 Be7 8. Qb3 Qb6 9. c5 Qxb3 10. axb3 Na6 11. Ne5 Nd7 12. Nxc6 Bf6 13. e4 dxe4 14. Nxe4 Bxe4 15. Bxe4 Naxc5 16. dxc5 bxc6 17. Bxc6 Rc8 18. Bxd7+ Kxd7 19. Rxa7+ Rc7 20. Rd1+ 1-0

[Event "vl_2526"]
[Site "?"]
[Date "2026.03.01"]
[Round "6.2"]
[White "Satuev,Emin"]
[Black "Sowada,Christoph"]
[Result "1/2-1/2"]
[Board "4"]
[WhiteTeam "Think Rochade ? SC HRO"]
[BlackTeam "Greifswalder SV"]
[WhiteElo "1968"]
[BlackElo "1952"]
[WhiteDWZ "1933"]
[BlackDWZ "1835"]
[PlyCount "0"]
[EventDate "2026.03.01"]
[SourceDate "2026.03.01"]

1. d4 f5 2. c3 g6 3. g3 Bg7 4. Bg2 d6 5. Qb3 c6 6. Nh3 Qb6 7. Ng5 Qxb3 8. axb3 e5 9. d5 Nf6 10. Na3 Nxd5 11. Nc4 Na6 12. Nxd6+ Ke7 13. Ngf7 Rf8 14. Bg5+ Bf6 15. Bxf6+ Kxf6 16. Nxc8 Rfxc8 17. Nd6 Rc7 18. e4 Ne7 19. O-O Rd8 20. Nc4 Nc8 21. f4 exf4 22. e5+ Kg7 23. gxf4 Nc5 24. b4 Ne6 25. h4 h5 26. Kh2 b5 27. Na5 Ne7 28. Nb3 Rd3 29. Rf2 Nd5 30. Bxd5 cxd5 31. Ra6 Kf7 32. Rd6 Rc4 33. Rxe6 Kxe6 34. Nc5+ Rxc5 35. bxc5 d4 36. c6 dxc3 37. bxc3 Rxc3 38. Ra2 Rxc6 39. Rxa7 Rb6 40. Rg7 Kd5 41. Rd7+ Ke6 1/2-1/2

[Event "vl_2526"]
[Site "?"]
[Date "2026.03.01"]
[Round "6.2"]
[White "Brandt,Mattis"]
[Black "Peilert,Maximilian"]
[Result "1/2-1/2"]
[Board "5"]
[WhiteTeam "Greifswalder SV"]
[BlackTeam "Think Rochade ? SC HRO"]
[WhiteElo "1616"]
[BlackElo "1784"]
[WhiteDWZ "1694"]
[BlackDWZ "1868"]
[PlyCount "0"]
[EventDate "2026.03.01"]
[SourceDate "2026.03.01"]

1. e4 c6 2. Nc3 d5 3. Nf3 dxe4 4. Nxe4 Nf6 5. Qe2 Nxe4 6. Qxe4 Qa5 7. Bc4 Bf5 8. Qf4 e6 9. O-O Be7 10. d3 O-O 11. a3 Nd7 12. Nh4 Bg6 13. Nxg6 hxg6 14. Bd2 Qd8 15. Rfe1 Bf6 16. Bc3 Bxc3 17. bxc3 Nb6 18. Rab1 Nxc4 19. Qxc4 Qe7 20. Qb4 Qxb4 21. cxb4 Rad8 22. Re4 a5 23. a4 Rd7 24. b5 cxb5 25. Rxb5 Rc8 26. Rxa5 Rxd3 27. g3 Rd2 28. Ra7 f5 29. Rxe6 Rc6 30. Rxb7 Kh7 31. Ree7 Rcxc2 32. Rxg7+ Kh6 33. Rh7+ Kg5 34. Rb1 Ra2 35. Rh4 Re2 36. Rf1 Kf6 37. Rb1 g5 38. Rb6+ Ke5 39. Rb5+ Kf6 40. Rb6+ 1/2-1/2

[Event "vl_2526"]
[Site "?"]
[Date "2026.03.01"]
[Round "6.2"]
[White "Kriese,Ralf"]
[Black "Gazizov,Max"]
[Result "0-1"]
[Board "7"]
[WhiteTeam "Greifswalder SV"]
[BlackTeam "Think Rochade ? SC HRO"]
[WhiteElo "1812"]
[BlackElo "1874"]
[WhiteDWZ "1614"]
[BlackDWZ "1869"]
[PlyCount "0"]
[EventDate "2026.03.01"]
[SourceDate "2026.03.01"]

1. e4 c5 2. Nf3 e6 3. Nc3 Nc6 4. Bc4 a6 5. a3 d6 6. d3 Nf6 7. O-O Be7 8. Ng5 d5 9. exd5 Nxd5 10. Nge4 O-O 11. Ne2 Qc7 12. Ba2 h6 13. c4 Nf6 14. Nxf6+ Bxf6 15. Nc3 Bd4 16. Be3 b6 17. Qe2 Kh8 18. Rad1 Bb7 19. Qh5 Kh7 20. Rd2 Rad8 21. Ne2 Rd7 22. Qh4 Rfd8 23. Nxd4 Nxd4 24. Bb1 Qe5 25. b4 Kg8 26. Bf4 Ne2+ 27. Rxe2 Qxe2 28. bxc5 bxc5 29. Be3 Qb2 30. Bxc5 Qe5 31. d4 Qe2 32. d5 Rc8 33. Bd4 Rxc4 0-1

[Event "vl_2526"]
[Site "?"]
[Date "2026.04.26"]
[Round "9.5"]
[White "Kallweit,Paul"]
[Black "Kist,Eike Andreas"]
[Result "0-1"]
[Board "1"]
[WhiteTeam "SSC Rostock 07"]
[BlackTeam "Think Rochade ? SC HRO"]
[WhiteElo "1981"]
[BlackElo "2048"]
[WhiteDWZ "2052"]
[BlackDWZ "2064"]
[PlyCount "0"]
[EventDate "2026.04.26"]
[SourceDate "2026.04.26"]

1. d4 Nf6 2. c4 c5 3. d5 b5 4. Nf3 Bb7 5. Bg5 Ne4 6. Nc3 Nxg5 7. Nxg5 b4 8. Nce4 d6 9. e3 Nd7 10. Bd3 g6 11. Bc2 Bg7 12. Rb1 O-O 13. f4 Qa5 14. Bb3 Nf6 15. O-O Rad8 16. Nf2 Bc8 17. e4 h6 18. Nf3 Ng4 19. Nxg4 Bxg4 20. h3 Bc8 21. Qe2 Rfe8 22. Rfe1 e6 23. dxe6 Rxe6 24. Qd3 Rde8 25. Re2 Bb7 26. Rbe1 Qd8 27. Ba4 R8e7 28. f5 gxf5 29. exf5 Rxe2 30. Rxe2 Rxe2 31. Qxe2 Qf6 32. Qe8+ Kh7 33. Bc6 Bxc6 34. Qxc6 Qxf5 35. Qxd6 Bxb2 36. Qe7 a5 37. Qa7 Bc1 38. Qxa5 Be3+ 39. Kf1 Qc2 0-1

[Event "vl_2526"]
[Site "?"]
[Date "2026.04.26"]
[Round "9.5"]
[White "Busch,Martin"]
[Black "Walz,Fabian"]
[Result "1/2-1/2"]
[Board "2"]
[WhiteTeam "Think Rochade ? SC HRO"]
[BlackTeam "SSC Rostock 07"]
[WhiteElo "2117"]
[BlackElo "1970"]
[WhiteDWZ "2048"]
[BlackDWZ "1948"]
[PlyCount "0"]
[EventDate "2026.04.26"]
[SourceDate "2026.04.26"]

1. d4 d5 2. c4 e6 3. Nf3 Nf6 4. Nc3 Be7 5. Bf4 O-O 6. e3 b6 7. Be2 Bb7 8. O-O dxc4 9. Bxc4 a6 10. Rc1 b5 11. Bd3 Nbd7 12. a4 b4 13. Nb1 c5 14. Nbd2 Rc8 15. Qe2 a5 16. Nc4 cxd4 17. exd4 Bd5 18. h3 Nb8 19. Rfd1 Nc6 20. Be5 Nd7 21. Be4 Bxc4 22. Rxc4 Ncxe5 23. dxe5 Rxc4 24. Qxc4 Nxe5 25. Bxh7+ Kh8 26. Qe2 Qc7 27. Qxe5 Qxe5 28. Nxe5 Kxh7 29. b3 Rc8 30. Nc4 Bd8 31. Kf1 Kg8 32. Rd6 Kf8 33. Ke2 Ke7 34. Ra6 f6 35. Ra7+ Kf8 36. Kf3 Rc5 37. h4 Rd5 38. Ke2 Rc5 39. g3 Rd5 1/2-1/2

[Event "vl_2526"]
[Site "?"]
[Date "2026.04.26"]
[Round "9.5"]
[White "Mangold,Thomas"]
[Black "Krause,Enrico"]
[Result "1/2-1/2"]
[Board "3"]
[WhiteTeam "SSC Rostock 07"]
[BlackTeam "Think Rochade ? SC HRO"]
[WhiteElo "2020"]
[BlackElo "1792"]
[WhiteDWZ "2076"]
[BlackDWZ "1907"]
[PlyCount "0"]
[EventDate "2026.04.26"]
[SourceDate "2026.04.26"]

1. c4 c6 2. g3 d5 3. Nf3 Nf6 4. Bg2 Bf5 5. Qb3 Qb6 6. d3 Nbd7 7. Be3 dxc4 8. Qxc4 Qxb2 9. Bd4 Qb5 10. Qxb5 cxb5 11. Nc3 a6 12. Nh4 e5 13. Be3 Bb4 14. Bd2 Be6 15. Bxb7 Ra7 16. Bg2 Rc7 17. Ne4 Bxd2+ 18. Kxd2 Ke7 19. a3 Nxe4+ 20. Bxe4 Nc5 21. Ke3 Nb3 22. Rab1 Nd4 23. Rb2 Rhc8 24. f4 Nc2+ 25. Kf3 exf4 26. gxf4 g6 27. f5 gxf5 28. Nxf5+ Bxf5 29. Bxf5 Nd4+ 30. Ke4 Nxf5 31. Kxf5 Rc5+ 32. Kf4 Rc2 33. Rhb1 Rxb2 34. Rxb2 Rc3 35. a4 bxa4 36. Rb6 Rc2 37. Kf3 a3 38. Rxa6 a2 39. d4 Kd7 40. d5 Rd2 41. h4 1/2-1/2

[Event "vl_2526"]
[Site "?"]
[Date "2026.04.26"]
[Round "9.5"]
[White "Satuev,Emin"]
[Black "Schmidt,Peter"]
[Result "1-0"]
[Board "4"]
[WhiteTeam "Think Rochade ? SC HRO"]
[BlackTeam "SSC Rostock 07"]
[WhiteElo "1968"]
[BlackElo "2040"]
[WhiteDWZ "1933"]
[BlackDWZ "1972"]
[PlyCount "0"]
[EventDate "2026.04.26"]
[SourceDate "2026.04.26"]

1. d4 g6 2. c4 Bg7 3. Nc3 d6 4. e4 Nd7 5. f3 e5 6. Be3 Ne7 7. Qd2 f5 8. Nge2 O-O 9. O-O-O c6 10. Bh6 Qc7 11. h4 f4 12. Bxg7 Kxg7 13. Kb1 a6 14. Nc1 b5 15. Be2 Nf6 16. dxe5 dxe5 17. Qd6 Ra7 18. c5 Ne8 19. Qd2 Be6 20. g4 h6 21. g5 h5 22. Qd8 Bc4 23. b3 Bxe2 24. N3xe2 Kf7 25. Rd2 Qxd8 26. Rxd8 Ng7 27. Rxf8+ Kxf8 28. Nd3 Ne6 29. Nxe5 Nxc5 30. Nxf4 Nd7 31. Nexg6+ Nxg6 32. Nxg6+ Kf7 33. Nf4 Ne5 34. Nxh5 Rd7 35. Kc2 c5 36. f4 Nf3 37. f5 Rd2+ 38. Kb1 Ne5 39. g6+ Kg8 40. Nf6+ Kg7 41. Ne8+ Kg8 42. h5 Rd8 43. Nc7 c4 44. h6 Rc8 45. Ne6 c3 46. h7+ Kh8 47. g7# 1-0

[Event "vl_2526"]
[Site "?"]
[Date "2026.04.26"]
[Round "9.5"]
[White "Hodl,Ingolf"]
[Black "Peilert,Maximilian"]
[Result "0-1"]
[Board "5"]
[WhiteTeam "SSC Rostock 07"]
[BlackTeam "Think Rochade ? SC HRO"]
[WhiteElo "1963"]
[BlackElo "1784"]
[WhiteDWZ "1856"]
[BlackDWZ "1868"]
[PlyCount "0"]
[EventDate "2026.04.26"]
[SourceDate "2026.04.26"]

1. e4 c6 2. d3 d5 3. Bf4 dxe4 4. Nc3 exd3 5. Bxd3 Nf6 6. Qe2 Nd5 7. Nxd5 cxd5 8. Nf3 Nc6 9. h3 e6 10. O-O Bd6 11. Bxd6 Qxd6 12. Rad1 Qf4 13. Bb5 O-O 14. Bxc6 bxc6 15. Rd4 Qf5 16. g4 Qf6 17. g5 Qf5 18. Rg4 Ba6 19. Qxa6 Qxf3 20. Rg3 Qe4 21. Qd3 Qxd3 22. Rxd3 Rfb8 23. b3 Kf8 24. f4 Ke7 25. f5 g6 26. f6+ Kd6 27. Rf4 Rh8 28. Rh4 Ke5 29. Rh6 Rab8 30. c3 Kf4 31. h4 e5 32. Kf2 e4 33. Rd4 Rb6 34. Ra4 a6 35. Ra5 Rb5 36. Rxa6 Rc5 37. c4 d4 38. Ra7 d3 39. Rxf7 Ra5 40. a4 Rb8 41. Rhxh7 Rxb3 42. Rb7 e3+ 43. Kg2 d2 44. Rbd7 e2 45. f7 Rf5 46. f8=Q Rxf8 47. Rhf7+ Rxf7 48. Rxf7+ 0-1

[Event "vl_2526"]
[Site "?"]
[Date "2026.04.26"]
[Round "9.5"]
[White "Mauser,Tassilo Tino"]
[Black "Hartung,Kim"]
[Result "1-0"]
[Board "6"]
[WhiteTeam "Think Rochade ? SC HRO"]
[BlackTeam "SSC Rostock 07"]
[WhiteElo "1924"]
[BlackElo "1751"]
[WhiteDWZ "1752"]
[BlackDWZ "1738"]
[PlyCount "0"]
[EventDate "2026.04.26"]
[SourceDate "2026.04.26"]

1. e4 c6 2. c4 d5 3. exd5 cxd5 4. cxd5 Nf6 5. Bb5+ Bd7 6. Bc4 Qa5 7. Qf3 Qc5 8. Na3 b5 9. d6 Nc6 10. Bxb5 Rc8 11. dxe7 Bxe7 12. Ne2 O-O 13. O-O Ne5 14. Qb3 Be6 15. Qa4 Neg4 16. d4 Qh5 17. h3 g5 18. Bc6 Rxc6 19. Qxc6 Bd5 20. Ng3 Qh4 21. Nf5 Bxa3 22. bxa3 Nxf2 23. Nxh4 Nxh3+ 24. gxh3 1-0

[Event "vl_2526"]
[Site "?"]
[Date "2026.04.26"]
[Round "9.5"]
[White "Birkholz,Karl Lukas"]
[Black "Celmer,Ole"]
[Result "0-1"]
[Board "7"]
[WhiteTeam "SSC Rostock 07"]
[BlackTeam "Think Rochade ? SC HRO"]
[WhiteElo "1834"]
[BlackElo "1958"]
[WhiteDWZ "1641"]
[BlackDWZ "1889"]
[PlyCount "0"]
[EventDate "2026.04.26"]
[SourceDate "2026.04.26"]

1. e4 e5 2. Nf3 Nc6 3. Bb5 a6 4. Ba4 Nf6 5. d3 b5 6. Bb3 Bc5 7. c3 d6 8. O-O h6 9. Nbd2 O-O 10. h3 Bb6 11. Re1 Na5 12. Bc2 c5 13. Nf1 Nc6 14. Be3 Ne7 15. d4 Ng6 16. dxe5 dxe5 17. Qxd8 Rxd8 18. b4 Bb7 19. Ng3 Nd7 20. Nf5 c4 21. Red1 Bxe3 22. Nxe3 Nf6 23. Nd2 Nf4 24. Kf1 Nd3 25. f3 Nh5 26. Bxd3 Rxd3 27. Nd5 Rd8 28. Ke1 Bxd5 29. exd5 f5 30. g4 Nf4 31. gxf5 R8xd5 32. Ne4 Ng2+ 33. Ke2 Nf4+ 34. Ke1 Rxf3 35. Rxd5 Nxd5 36. Nc5 Rxh3 37. Kd2 Rh2+ 38. Kc1 Nxc3 39. Nxa6 Rh1+ 40. Kb2 Na4+ 0-1

[Event "vl_2526"]
[Site "?"]
[Date "2026.04.26"]
[Round "9.5"]
[White "Gazizov,Max"]
[Black "Wurst,Oliver"]
[Result "1-0"]
[Board "8"]
[WhiteTeam "Think Rochade ? SC HRO"]
[BlackTeam "SSC Rostock 07"]
[WhiteElo "1874"]
[BlackElo "1779"]
[WhiteDWZ "1869"]
[BlackDWZ "1588"]
[PlyCount "0"]
[EventDate "2026.04.26"]
[SourceDate "2026.04.26"]

1. d4 d5 2. c4 e6 3. Nc3 Nf6 4. cxd5 exd5 5. Bg5 Nbd7 6. e3 c6 7. Bd3 h6 8. Bh4 Be7 9. Nf3 O-O 10. O-O Re8 11. Rb1 Ne4 12. Bxe7 Qxe7 13. Qc2 Ndf6 14. Ne5 Nd6 15. b4 a6 16. a4 Qc7 17. b5 cxb5 18. axb5 a5 19. b6 Qd8 20. Na4 Nd7 21. f4 Nf6 22. Nc5 Re7 23. Kh1 Ng4 24. Rf3 f6 25. Bh7+ 1-0